| 000 | nam a22 a 4500 | ||
|---|---|---|---|
| 999 |
_c164 _d164 |
||
| 003 | BLK | ||
| 005 | 20230516131806.0 | ||
| 008 | 180412b bul|||||r ||||||| ||bul|| | ||
| 010 | _aKNG00000246000 | ||
| 020 | _a954-430-161-5 | ||
| 040 | _aBLK | ||
| 041 |
_aBUL _cBUL |
||
| 080 |
_aБългарски език _b811.163.2 _x-087 _z811.163.2-087 |
||
| 100 | 1 |
_aСтойков, Стойко Иванов _eпърви автор _9241881 |
|
| 139 |
_aСтойков, Стойко Иванов _bС 78 |
||
| 245 | 1 | 0 |
_aБългарска диалектология _bИзследване _cСтойко Иванов Стойков; под ред. на Максим Славчев Младенов. |
| 250 | _a5. изд. | ||
| 257 | _aBGR | ||
| 260 |
_aСофия _bБАН _c1993 |
||
| 300 |
_a426 с. _bс портр., к. _c20 см |
||
| 380 | _a80 | ||
| 500 | _a1. изд. 1956 на изд. Наука и изкуство в сер. Унив. лит. Записки ; N 92. - В кн. означено 3. изд. - 3 000 тир. | ||
| 650 | 4 |
_aБългарски език - диалекти _9241883 |
|
| 653 | _aбългарски език | ||
| 653 | _aдиалектология | ||
| 653 | _aдиалектика | ||
| 700 | 1 |
_aМладенов, Максим Славчев _eпод ред. на _9241882 |
|
| 852 |
_aЦб 175052 _bЦб |
||
| 856 | 4 |
_qpdf _u _i0.00 _ldisable |
|
| 856 | 4 |
_qpdf _u _i0.00 _ldisable |
|
| 942 |
_cKNG _n0 _01 _s1 |
||
| 944 |
_aCR _c15.01.2003 _kКети_Илиева |
||
| 944 |
_aED _c12.01.2013 |
||
| 999 | _d164 | ||